[Event "2005 US Chessmaster Championship"]
[Site "San Diego"]
[Date "2004.11.26"]
[Round "3"]
[White "Friedel, J."]
[Black "Goldin, A."]
[Result "1/2-1/2"]
[WhiteElo "2436"]
[BlackElo "2620"]
[PlyCount "191"]
[EventDate "2004.??.??"]
[EventType "swiss"]
[EventRounds "9"]
[EventCountry "USA"]
[WhiteTeam "USA"]
[BlackTeam "USA"]
[WhiteTeamCountry "USA"]
[BlackTeamCountry "USA"]

1. e4 e5 2. Nf3 Nc6 3. Bb5 a6 4. Ba4 Nf6 5. O-O Be7 6. Qe2 b5 7. Bb3 O-O 8. c3
d6 9. Rd1 Bg4 10. h3 Bh5 11. d3 Na5 12. Bc2 c5 13. Nbd2 Nd7 14. g4 Bg6 15. Nf1
Re8 16. Ne3 Nb6 17. Bd2 Nc6 18. a4 Nxa4 19. Bxa4 bxa4 20. Rxa4 Qd7 21. Rda1 Qb7
22. b4 cxb4 23. cxb4 Bd8 24. Bc3 Qb5 25. Nc4 Bc7 26. Nh4 d5 27. Nxg6 hxg6 28.
exd5 Qxd5 29. Qe4 Qb5 30. Ne3 Rad8 31. Qc4 Rxd3 32. Rxa6 Qxc4 33. Nxc4 Nd4 34.
Bxd4 exd4 35. Ra8 Kf8 36. b5 Rc3 37. Nd2 Bf4 38. Ne4 Rxh3 39. b6 Rb3 40. Nc5
Rc3 41. Nd7+ Ke7 42. Re1+ Kxd7 43. Rexe8 Kc6 44. Rad8 Kxb6 45. Rxd4 g5 46. Kg2
Rc7 47. Red8 Be5 48. Rb4+ Kc5 49. Rb1 Kc4 50. Kf3 Bf6 51. Rc1+ Bc3 52. Rcd1 Rc5
53. Rf8 Rc7 54. Re8 Rc5 55. Rf8 Rc7 56. Rdd8 Bf6 57. Rc8 Rxc8 58. Rxc8+ Kd5 59.
Rc7 Ke6 60. Ke4 Be7 61. Rc6+ Bd6 62. Ra6 g6 63. f3 Ke7 64. Kd5 Bf4 65. Ra7+ Ke8
66. Kc6 Bg3 67. Ra4 Bh2 68. Re4+ Kd8 69. Rd4+ Ke7 70. Kb7 Be5 71. Rd1 Bg3 72.
Rg1 Bh2 73. Rg2 Be5 74. Kc8 Bf6 75. Re2+ Kd6 76. Re1 Be7 77. Rd1+ Ke6 78. Kc7
Bb4 79. Rd4 Ba5+ 80. Kc6 Bc3 81. Re4+ Be5 82. Re2 f5 83. Re1 Kf6 84. Kd7 Bb2
85. Re6+ Kf7 86. Re7+ Kg8 87. Ke6 fxg4 88. fxg4 Bc3 89. Rb7 Bd4 90. Rb5 Kg7 91.
Rxg5 Bb2 92. Rb5 Bc3 93. g5 Kg8 94. Rb3 Ba1 95. Kd5 Kf7 96. Ke4 1/2-1/2

[Event "2005 US Chessmaster Championship"]
[Site "San Diego"]
[Date "2004.11.26"]
[Round "3"]
[White "Sagalchik, O."]
[Black "Muhammad, S."]
[Result "0-1"]
[WhiteElo "2132"]
[BlackElo "2387"]
[PlyCount "98"]
[EventDate "2004.??.??"]
[EventType "swiss"]
[EventRounds "9"]
[EventCountry "USA"]
[WhiteTeam "USA"]
[BlackTeam "USA"]
[WhiteTeamCountry "USA"]
[BlackTeamCountry "USA"]

1. d4 f5 2. Nc3 d5 3. h3 Nf6 4. Bg5 e6 5. e3 Bb4 6. Bd3 O-O 7. Nge2 h6 8. Bh4
c5 9. dxc5 Nbd7 10. c6 bxc6 11. Nd4 Nb8 12. Bg3 Bd7 13. O-O Bxc3 14. bxc3 c5
15. Nf3 c4 16. Bxb8 Rxb8 17. Be2 Qa5 18. Qd4 Rb2 19. Ne5 Rc8 20. Bxc4 Rxc4 21.
Nxc4 dxc4 22. Qxc4 Nd5 23. Qd4 Rxc2 24. c4 Nf6 25. Rfc1 e5 26. Qd1 Rxc1 27.
Qxc1 Ne4 28. Qe1 Qc5 29. Rb1 Be6 30. Rb5 Qd6 31. Qc1 Nc5 32. Kh2 e4+ 33. Kg1
Kh7 34. a3 a6 35. Rb1 Nd3 36. Qc3 Qc6 37. a4 Bxc4 38. a5 Qd5 39. Rb6 f4 40. Rb8
fxe3 41. fxe3 Ne5 42. Rc8 Qd1+ 43. Kh2 Nf3+ 44. Kg3 Bd3 45. Rc7 Qe1+ 46. Kf4
Qh4+ 47. g4 Qg5+ 48. Kg3 Ne5 49. Qe1 Nxg4 0-1